ARRUPE JESUIT UNIVERSITY

CORONAVIRUS -STOP THE SPREAD - CLEAN,DISINFECT,COVER

Reason and faith in modern society: liberalism, Marxism, and democracy. (Record no. 120998)

MARC details
000 -LEADER
fixed length control field 00834cam a2200289I 4500
001 - CONTROL NUMBER
control field 4650736
003 - CONTROL NUMBER IDENTIFIER
control field ARRUPE
005 - DATE AND TIME OF LATEST TRANSACTION
control field 20140926170227.0
008 - FIXED-LENGTH DATA ELEMENTS--GENERAL INFORMATION
fixed length control field 720321s1961 ctu 000 0 eng
010 ## - LIBRARY OF CONGRESS CONTROL NUMBER
LC control number 61006974
035 ## - SYSTEM CONTROL NUMBER
System control number (OCoLC)ocm00268476
035 ## - SYSTEM CONTROL NUMBER
System control number (NNC)4650736
040 ## - CATALOGING SOURCE
Original cataloging agency DLC
Transcribing agency WSU
Modifying agency SER
050 0# - LIBRARY OF CONGRESS CALL NUMBER
Classification number HX536
Item number .H39
098 ## - OTHER CLASSIFICATION SCHEMES (OCLC)
Call number based on other classification scheme SF11
300 ## - PHYSICAL DESCRIPTION
Dimensions 24 cm.
100 1# - MAIN ENTRY--PERSONAL NAME
Personal name Heimann, Eduard,
Dates associated with a name 1889-1967.
9 (RLIN) 11795
245 10 - TITLE STATEMENT
Title Reason and faith in modern society: liberalism, Marxism, and democracy.
250 ## - EDITION STATEMENT
Edition statement [1st ed.]
260 ## - PUBLICATION, DISTRIBUTION, ETC. (IMPRINT)
Place of publication, distribution, etc Middletown, Conn.,
Name of publisher, distributor, etc Wesleyan University Press
Date of publication, distribution, etc [1961]
300 ## - PHYSICAL DESCRIPTION
Extent 342 p.
650 #0 - SUBJECT ADDED ENTRY--TOPICAL TERM
Topical term or geographic name as entry element Communism and religion.
9 (RLIN) 11796
650 #0 - SUBJECT ADDED ENTRY--TOPICAL TERM
Topical term or geographic name as entry element Rationalism.
9 (RLIN) 85
650 #0 - SUBJECT ADDED ENTRY--TOPICAL TERM
Topical term or geographic name as entry element Individualism.
9 (RLIN) 11797
650 #0 - SUBJECT ADDED ENTRY--TOPICAL TERM
Topical term or geographic name as entry element Political science
General subdivision History.
9 (RLIN) 11798
942 ## - ADDED ENTRY ELEMENTS (KOHA)
Source of classification or shelving scheme Library of Congress Classification
Koha item type Monograph ( Printed materials)
Holdings
Withdrawn status Lost status Source of classification or shelving scheme Damaged status Not for loan Collection code Home library Current library Shelving location Date acquired Total Checkouts Full call number Barcode Date last seen Price effective from Koha item type
    Library of Congress Classification     Main Collection ARRUPE LIBRARY ARRUPE LIBRARY Main Collection 26/09/2014   HX536 .H39 46500001399 30/04/2018 26/09/2014 Monograph ( Printed materials)

 

Arrupe Library. PO Box MP320 Mt Pleasant, Harare, Zimbabwe
263 242 745411|librarian@aju.ac.zw